000 00810nam a2200301 a 4500
003 AR-BaBNM
005 20251128210519.0
008 082120s2002 ||||||||||||||000 | spa||
020 _a84-7960-250-3
040 _cAR-BaBNM
100 1 _aMachado, Antonio
245 0 0 _aAntología comentada
_bpoesía. 1
260 _aMadrid
_bEdiciones de la Torre
_c1999
300 _a351 p.
_bil.
490 0 _aNuestro mundo. Antologías
_vv. 15
500 _aContiene índice de versos
500 _aIndice de temas
650 4 _aLITERATURA ESPAÑOLA
650 4 _aANTOLOGIAS
650 4 _aPOESIA
650 4 _aCRITICA LITERARIA
653 _aGENERACION DE 1898
653 _aVANGUARDIAS LITERARIAS
655 _aLITERATURA
700 1 _aCaudet, Francisco
_ecompilador
942 _cBK
998 _cMARTIN
999 _c15756
_d15756